| 000 | 01285nam a2200349 a 4500 | ||
|---|---|---|---|
| 001 | 33669 | ||
| 003 | FlNmELB | ||
| 005 | 20241216220836.0 | ||
| 006 | m o d | | ||
| 007 | cr cn||||||||| | ||
| 008 | 101108s2010 sp s 000 0 spa d | ||
| 020 | _z9788499481180 | ||
| 035 | _a(MiAaPQ)EBC3209241 | ||
| 035 | _a(Au-PeEL)EBL3209241 | ||
| 035 | _a(CaPaEBR)ebr10664986 | ||
| 035 | _a(OCoLC)1010698436 | ||
| 040 |
_aFlNmELB _bspa _cFlNmELB |
||
| 050 | 4 |
_aK50 _bG563 2010 |
|
| 082 | 0 | 4 |
_a340.14 _222 |
| 245 | 0 | 0 |
_aGlosario jurídico básico _h[recurso electronico] / _ccoordinadores Antonio López Álvarez, Alfonso Ortega Giménez ; autores Álvaro Antón Antón ... [et al.]. |
| 260 |
_aSan Vicente : _bEditorial Club Universitario, _c2010. |
||
| 300 | _a475 p. | ||
| 533 | _aRecurso electrónico. Santa Fe, Arg.: e-libro, 2015. Disponible vía World Wide Web. El acceso puede estar limitado para las bibliotecas afiliadas a e-libro. | ||
| 650 | 4 |
_aDerecho _xTerminología. |
|
| 650 | 0 |
_aLaw _xTerminology. |
|
| 655 | 4 | _aLibros electrónicos. | |
| 700 | 1 | _aLópez Álvarez, Antonio. | |
| 700 | 1 | _aOrtega Giménez, Alfonso. | |
| 700 | 1 | _aAntón Antón, Álvaro. | |
| 710 | 2 | _ae-libro, Corp. | |
| 856 | 4 | 0 | _uhttps://elibro.net/ereader/politecnicointernacional/62279 |
| 999 |
_c33669 _d33669 |
||